| 000 | 00357 a2200109 4500 | ||
|---|---|---|---|
| 001 | ART_18312 | ||
| 005 | 20260410161919.0 | ||
| 008 | 260409a | ||
| 245 | 1 | 0 | _aEl artículo 1198 del código civil y el impuesto a las ganancias |
| 100 | 1 | _aLopez Agnetti, Elías | |
| 773 | 0 |
_tLa información _g- Tomo XXXIII, Nº 556 (abr. 1976) _wREV14902 |
|
| 999 |
_c27527 _d27527 |
||